Timesaver speaking activities : pre-intermediate / advanced : teacher's reference key /

Hlavní autor: Maggs, Peter
Další autoři: Hird, Jon
Jazyk: Angličtina
Vydáno: London : Mary Glasgow Magazines, 2002
Edice: Classroom photocopiable timesavers
Témata:
Fyzický popis: 80 s. : il.
Knihy
Uloženo v:
LEADER 01460nam a2200361 4500
001 000996792
003 CZ BrMZK
005 20201103101107.0
007 ta
008 010825s2002 enka grp 0 eng
020 |a 1900702630  |q (brož.) 
040 |a BOA001  |b cze 
072 7 |a 811.111  |x Angličtina  |2 Konspekt  |9 11 
072 7 |a 37.016  |x Učební osnovy. Vyučovací předměty. Učebnice  |2 Konspekt  |9 22 
080 |a 811.111  |2 MRF 
080 |a 81'24  |2 MRF 
080 |a (07.06)81  |2 MRF 
100 1 |a Maggs, Peter  |7 pna2007389026  |4 aut 
245 1 0 |a Timesaver speaking activities :  |b pre-intermediate / advanced : teacher's reference key /  |c written by Peter Maggs and Jon Hird 
246 3 3 |a Speaking activities 
260 |a London :  |b Mary Glasgow Magazines,  |c 2002 
300 |a 80 s. :  |b il. 
490 1 |a Classroom photocopiable timesavers 
650 0 7 |a angličtina  |7 ph114056  |2 czenas 
650 0 7 |a konverzace  |7 ph166079  |2 czenas 
655 7 |a jazykové učebnice, texty, příručky (A-C)  |7 fd600885  |2 czenas 
700 1 |a Hird, Jon  |7 xx0037256  |4 aut 
830 0 |a Classroom photocopiable timesavers 
910 |a BOA001  |b AK-0002.194 
990 |a BK 
991 |b 201003  |y British Council Brno - Czech Republic  |z 000045365  |x 99 
996 7 |b 261E002820  |c AK-0002.194  |l Anglická knihovna/2.patro  |r ZHR  |n 24  |h SC  |w 000996792  |u 000010  |a 0  |e BOA001  |j MZK50  |s A 
996 7 |b 261E004160  |c AK-0002.194  |l Anglická knihovna/2.patro  |r ZHR  |n 106  |h SC  |w 000996792  |u 000020  |a 0  |e BOA001  |j MZK50  |s A